[Event "Corus C"]
[Site "Wijk aan Zee NED"]
[Date "2006.01.16"]
[Round "3"]
[White "Hopman, P."]
[Black "Afek, Y."]
[Result "1-0"]
[WhiteElo "2332"]
[BlackElo "2370"]
[PlyCount "53"]
[EventDate "2006.01.14"]

1. d4 Nf6 2. c4 g6 3. Nc3 Bg7 4. e4 O-O 5. Bd3 c5 6. d5 e5 7. f4 Nh5 8. f5 Qh4+
9. g3 Qe7 10. Qf3 d6 11. Nge2 Nf6 12. g4 gxf5 13. gxf5 Kh8 14. Bg5 a6 15. O-O-O
b5 16. cxb5 axb5 17. Bxb5 Ba6 18. Bc6 Nxc6 19. dxc6 Qc7 20. Rhg1 Bc4 21. Rg3
Rfb8 22. Rh3 Qb6 23. Rd2 Kg8 24. Bxf6 Bxf6 25. Qh5 Kf8 26. b3 Bxe2 27. Rxe2 1-0

[Event "Corus C"]
[Site "Wijk aan Zee NED"]
[Date "2006.01.16"]
[Round "3"]
[White "Jonkman, H."]
[Black "Atalik, E."]
[Result "1/2-1/2"]
[WhiteElo "2470"]
[BlackElo "2399"]
[PlyCount "39"]
[EventDate "2006.01.14"]

1. e4 e5 2. Nf3 Nf6 3. Nxe5 d6 4. Nf3 Nxe4 5. Nc3 Nxc3 6. dxc3 Be7 7. Bf4 O-O
8. Qd2 Nd7 9. O-O-O Nc5 10. Nd4 Re8 11. f3 Ne6 12. Nxe6 Bxe6 13. Kb1 d5 14. h4
c5 15. g4 Qa5 16. a3 Qa4 17. Qh2 d4 18. cxd4 Rad8 19. Bg5 f6 20. Bc1 1/2-1/2

[Event "Corus C"]
[Site "Wijk aan Zee NED"]
[Date "2006.01.16"]
[Round "3"]
[White "Werle, J."]
[Black "Bensdorp, M."]
[Result "1/2-1/2"]
[WhiteElo "2514"]
[BlackElo "2230"]
[PlyCount "120"]
[EventDate "2006.01.14"]

1. d4 d5 2. Nf3 c6 3. c4 Nf6 4. Nc3 dxc4 5. a4 Bf5 6. e3 e6 7. Bxc4 Bb4 8. O-O
Nbd7 9. Qe2 Bg4 10. h3 Bxf3 11. Qxf3 O-O 12. Rd1 Rc8 13. e4 e5 14. d5 Bxc3 15.
bxc3 cxd5 16. Bxd5 Nxd5 17. Rxd5 Qc7 18. Ba3 Rfe8 19. Rad1 Nf6 20. Rc5 Qb8 21.
a5 Rxc5 22. Bxc5 Qc7 23. Bb4 Rd8 24. Rd3 Rd7 25. Qd1 a6 26. g3 Qd8 27. Rxd7
Qxd7 28. Qxd7 Nxd7 29. Kf1 f6 30. Ke2 Kf7 31. f4 exf4 32. gxf4 Ke6 33. Ke3 f5
34. Kd4 fxe4 35. Kxe4 g6 36. Kd4 Nf6 37. c4 Nd7 38. Bc5 Nb8 39. Bb6 Kd6 40. Ke4
Ke6 41. Bf2 Nc6 42. Be1 Nb8 43. Kd4 Nd7 44. Bg3 Nf6 45. Bh2 h6 46. Bg1 Nd7 47.
Be3 h5 48. Bf2 Kd6 49. Be1 Ke6 50. Bg3 Ke7 51. f5 gxf5 52. Kd5 b6 53. Bh4+ Ke8
54. Be1 f4 55. axb6 Nxb6+ 56. Kc5 Nd7+ 57. Kd5 f3 58. Ke4 a5 59. Kxf3 Ne5+ 60.
Ke4 Nxc4 1/2-1/2

[Event "Corus C"]
[Site "Wijk aan Zee NED"]
[Date "2006.01.16"]
[Round "3"]
[White "Marcelin, C."]
[Black "Bischoff, K."]
[Result "1-0"]
[WhiteElo "2441"]
[BlackElo "2560"]
[PlyCount "97"]
[EventDate "2006.01.14"]

1. d4 Nf6 2. c4 e6 3. Nc3 d5 4. cxd5 exd5 5. Bg5 c6 6. e3 Nbd7 7. Bd3 Be7 8.
Qc2 Nf8 9. Nf3 Ne6 10. Bh4 g6 11. O-O O-O 12. Rab1 a6 13. b4 Ng7 14. a4 Bf5 15.
b5 axb5 16. axb5 Bxd3 17. Qxd3 Ra3 18. bxc6 bxc6 19. Ra1 Rxa1 20. Rxa1 Nf5 21.
Bxf6 Bxf6 22. Rc1 Qa8 23. Qc2 Rb8 24. Na4 Rb4 25. Nc5 Qa3 26. Qd1 Nxe3 27. fxe3
Qxe3+ 28. Kh1 Bxd4 29. Nd3 Rb6 30. Nxd4 Qxd4 31. h3 Kg7 32. Qe2 Qe4 33. Qc2 d4
34. Qc4 Rb5 35. Re1 Qd5 36. Qxd5 cxd5 37. Kg1 g5 38. Rd1 h5 39. Ne1 f5 40. Nf3
Kf6 41. Nxd4 Rb4 42. Nc2 Rb5 43. Rf1 f4 44. h4 Ra5 45. Kh2 Ra2 46. hxg5+ Kxg5
47. Ne1 Kg4 48. Nd3 Ra4 49. Re1 1-0

[Event "Corus C"]
[Site "Wijk aan Zee NED"]
[Date "2006.01.16"]
[Round "3"]
[White "Van der Wiel, J."]
[Black "Visser, Y."]
[Result "1/2-1/2"]
[WhiteElo "2505"]
[BlackElo "2485"]
[PlyCount "47"]
[EventDate "2006.01.14"]

1. e4 e6 2. d4 d5 3. Nd2 c5 4. Ngf3 cxd4 5. Nxd4 Nf6 6. Bb5+ Bd7 7. Bxd7+ Nbxd7
8. exd5 Nxd5 9. O-O Be7 10. c4 N5f6 11. b3 O-O 12. Bb2 a6 13. a3 Qc7 14. b4
Rad8 15. Qb3 Qf4 16. Rad1 Ng4 17. Qh3 Ndf6 18. g3 Qc7 19. Rfe1 a5 20. c5 axb4
21. axb4 Rd5 22. Qf1 b6 23. cxb6 Qd7 24. h3 1/2-1/2

[Event "Corus C"]
[Site "Wijk aan Zee NED"]
[Date "2006.01.16"]
[Round "3"]
[White "Adly, A."]
[Black "Van der Weide, K."]
[Result "1-0"]
[WhiteElo "2473"]
[BlackElo "2466"]
[PlyCount "127"]
[EventDate "2006.01.14"]

1. d4 Nf6 2. Nf3 g6 3. c4 Bg7 4. g3 d5 5. cxd5 Nxd5 6. Bg2 Nb6 7. Nc3 Nc6 8. e3
e5 9. d5 Ne7 10. e4 Bg4 11. O-O c6 12. h3 Bxf3 13. Qxf3 O-O 14. Rd1 cxd5 15.
Nxd5 Nbxd5 16. Be3 Nc6 17. Rxd5 Qf6 18. Qg4 Qe6 19. Qxe6 fxe6 20. Rd6 Rfd8 21.
Rxe6 Kf7 22. Rxc6 bxc6 23. Rc1 Rac8 24. Bf1 Bf8 25. Bxa7 Rd2 26. Ba6 Ra8 27.
Be3 Rxb2 28. Rxc6 Kg7 29. Bg5 Kh8 30. Bc4 Rc2 31. Rc7 Bg7 32. a4 h6 33. Be7 Re8
34. Bd6 Bf8 35. Bb5 Rxc7 36. Bxc7 Re6 37. a5 Bc5 38. Bb8 Kh7 39. Kg2 Re7 40. a6
Ba7 41. Bd6 Re6 42. Bc7 Re7 43. Bd8 Rf7 44. f4 exf4 45. gxf4 Rxf4 46. e5 Rf2+
47. Kg3 Rb2 48. Bc6 Bb8 49. Kf3 Bxe5 50. a7 Ra2 51. a8=Q Rxa8 52. Bxa8 Kg7 53.
Bc6 Ba1 54. Be8 Bb2 55. Ke4 Ba1 56. Kd5 Bb2 57. Ke6 Ba1 58. Be7 Bb2 59. Bf7 Ba1
60. Ba3 Bc3 61. Ke7 Bf6+ 62. Ke8 h5 63. Bf8+ Kh7 64. Bd5 1-0

[Event "Corus C"]
[Site "Wijk aan Zee NED"]
[Date "2006.01.16"]
[Round "3"]
[White "Atalik, S."]
[Black "Li Shilong"]
[Result "1-0"]
[WhiteElo "2618"]
[BlackElo "2543"]
[PlyCount "81"]
[EventDate "2006.01.14"]

1. Nf3 e6 2. c4 Nf6 3. Nc3 d5 4. d4 Bb4 5. Bg5 Nbd7 6. cxd5 exd5 7. Rc1 h6 8.
Bxf6 Bxc3+ 9. bxc3 Nxf6 10. Qa4+ Bd7 11. Qb4 b6 12. e3 Rc8 13. Bd3 c5 14. Qb2
O-O 15. O-O Be6 16. a4 Nd7 17. Ra1 Rb8 18. Qa3 Bg4 19. Nd2 Be6 20. Rfc1 Qf6 21.
Bb5 Rfc8 22. a5 Nf8 23. axb6 axb6 24. Bd3 Bf5 25. Bxf5 Qxf5 26. Nf3 Ng6 27. h3
Rc6 28. Qb2 Qf6 29. Qb5 Rbc8 30. Rd1 Rd6 31. Ra6 cxd4 32. cxd4 Rc2 33. Qe8+ Kh7
34. Ra8 h5 35. Qxf7 Kh6 36. Qg8 b5 37. Rb1 Qf5 38. Ra7 Rd7 39. Ra6 Rc6 40. Rxc6
Qxb1+ 41. Kh2 1-0